1663 1668 1820 1852 1418 1306 1321 1903 1895 1564 1374 1604 1602 1262 1728 1293 1825 1478 1038 1243 1521 1681 1740 1654 1963 1716 1483 1277 1885 1269 1787 1004 1524 1256 1813 1019 1048 1176 1284 1423 1047 1583 1457 1615 1400 1956 1446 1799 1442 1532 1554 1588 1251 1391 1593 1782 1953 1170 1226 1752 1670 1814 1667 1085 1668 1362 1168 1825 1714 1956 1030 1947 1103 1392 1903 1957 1852 1689 1383 1626 1392 1272 1938 1981 1313 1958 1674 1325 1022 1106 1862 1498 1833 1230 1961 1266 1845 1913 1635 BCNSPRNW ULIB Ver.6.0+V

เปลี่ยนเป็นภาษาไทย

Change to English
 แสดงรายละเอียดบรรณานุกรม
  กลับหน้าหลัก

Brief Record : Get Marc (ISO 2709) : E-mail record : QR code < ปิดหน้าต่าง
LEADER : 00000nam 2200000uu 4500
001    13399125051
003     ULIB
008    160607s2558||||th 000 0 tha d
020    ^a9786169232704
060  4 ^aWE250^bก451 ล.2
110 1  ^aมูลนิธิโรคกระดูกพรุนแห่งประเทศไทยฯ
245 00 ^aการดูแลรักษาภาวะกระดูกหักจากโรคกระดูกพรุนแบบองค์รวม 2=^bHolistic Management of Osteoporotic Fractures /^cบรรณาธิการ ทวี ทรงพัฒนาศิลป์.
246 0  ^aHolistic Management of Osteoporotic Fractures
250    ^aพิมพ์ครั้งที่ 1.
260    ^aกรุงเทพฯ :^bมูลนิธิโรคกระดูกพรุนแห่งประเทศไทยฯ,^c2558.
300    ^a2 เล่ม :^bภาพประกอบ
650  7 ^aกระดูกพรุน, โรค^xการรักษา
650  7 ^aกระดูกหัก^xการรักษา
700 0  ^aทวี ทรงพัฒนาศิลป์,^eบรรณาธิการ
945    ^p1800^l0^i001164
999    ^aเกษร โพธิ์สุวรรณ
รายการนี้ยังไม่มีแท็ก
คุณยังไม่ได้ล็อกอิน คุณสามารถมีกิจกรรมร่วมกับเว็บไซต์ได้ แต่ต้องล็อกอินก่อน ::
  ล็อกอิน

รายการสื่อสารสนเทศ

ลำดับที่ ประเภท เลขเรียก/บาร์โค้ด สถานที่ สถานะ
1. วิทยาศาสตร์การแพทย์ และสุขภาพ
วิทยาศาสตร์การแพทย์ และสุขภาพ
สถานะ=หนังสือเก่า
WE250 ก451 ล.2 ฉ.1 
  Barcode: 001164
ห้องสมุดวิทยาเขตสวรรค์ประชารักษ์
►ส่วนจัดเก็บหนังสือเก่า สปร
บนชั้น
  ขอยืม

BibComment


ยังไม่เคยถูกคอมเมนท์

คอมเมนท์ทรัพยากรรายการนี้
  คอมเมนท์: การดูแลรักษาภาวะ..


 Copyright 2026. Bcnsprnw @Library